|
|
|
|
| LEADER |
01114nam a2200301 a 4500 |
| 001 |
5866 |
| 003 |
BD-DhAAL |
| 005 |
20150521113648.0 |
| 008 |
150521s1998 enka b 001 0 eng c |
| 010 |
|
|
|a 97031578
|
| 020 |
|
|
|a 0632047844 (pbk.)
|
| 040 |
|
|
|a DNLM/DLC
|c DLC
|d DLC
|d BD-DhAAL
|
| 050 |
0 |
0 |
|a RT84.5
|b .T73 1998
|
| 082 |
0 |
0 |
|a 610.73
|2 21
|
| 245 |
0 |
0 |
|a Transforming nursing through reflective practice /
|c edited by Christopher Johns, Dawn Freshwater.
|
| 260 |
|
|
|a Osney Mead, Oxford ;
|a Malden, MA :
|b Blackwell Science,
|c 1998.
|
| 300 |
|
|
|a xiii, 222 p. :
|b ill. ;
|c 24 cm.
|
| 504 |
|
|
|a Includes bibliographical references and index.
|
| 541 |
|
|
|e 5866
|
| 650 |
|
0 |
|a Nursing
|x Philosophy.
|9 11259
|
| 650 |
|
0 |
|a Introspection.
|9 11260
|
| 650 |
|
0 |
|a Self-knowledge, Theory of
|9 11261
|
| 650 |
1 |
2 |
|a Nursing.
|9 11262
|
| 700 |
1 |
|
|a Johns, Christopher.
|9 11263
|
| 700 |
1 |
|
|a Freshwater, Dawn.
|9 11264
|
| 942 |
|
|
|2 ddc
|c BK
|
| 999 |
|
|
|c 34474
|d 34474
|
| 952 |
|
|
|0 0
|1 0
|2 ddc
|4 0
|6 610_730000000000000_TRA
|7 0
|9 53813
|a SCL
|b SCL
|c GEN
|d 2015-05-21
|e Gift: The British Council
|l 0
|o 610.73 TRA
|p 3020005866
|r 2015-05-21
|t 1
|w 2015-05-21
|y BK
|